000 00673nam a2200169Ia 4500
008 100122s9999 xx 000 0 und d
082 _b69921
_a294.5
100 _aसोनवणी संजय
245 _aहिंदू धर्माचे शैव रहस्य
260 _bपुष्पक प्रकाशन
_c2006
300 _a160
520 _a"आर्य, वसिष्ठ, वैष्णव"
620 _a"आर्य, वसिष्ठ, वैष्णव"
630 _aहिंदू धर्माचे शैव रहस्य
730 _aहिंदू धर्माचे शैव रहस्य
942 _cBOOK
999 _c441067
_d441064